Statistics for All Minecraft Enchantments (1.19.4)

Click here to take the quiz!

General Stats

  • This quiz has been taken 30 times
  • The average score is 30 of 39

Answer Stats

Compatible WithMax LevelAnswer% Correct
Swords, AxesVSharpness
92%
SwordsIIFire Aspect
88%
Pickaxes, Axes, ShovelsIIIFortune
88%
BowIInfinity
88%
BowVPower
88%
Helmets, Chestplates, Leggins, Boots, Turtle ShellIVProtection
88%
Literally every armor, tool and weapons in the gameIIIUnbreaking
88%
Swords, AxesVBane of Arthropods
84%
Pickaxes, Axes, ShovelsVEfficiency
84%
BootsIVFeather Falling
84%
BootsIIFrost Walker
84%
Fishing RodIIILuck of the Sea
84%
Pickaxes, Axes, ShovelsISilk Touch
84%
Swords, AxesVSmite
84%
All armor pieces, carved pumpkins and mob headsICurse of Binding
80%
All tools and weaponsICurse of Vanishing
80%
BowIFlame
80%
Literally every armor, tool and weapons in the gameIMending
80%
CrossbowIVPiercing
80%
Helmets, Chestplates, Leggings, Boots, Turtle ShellIIIThorns
80%
Helmets, Turtle ShellIAqua Affinity
76%
Helmets, Chestplates, Leggings, Boots, Turtle ShellIVBlast Protection
76%
CrossbowIMultishot
76%
Helmets, Chestplates, Leggins, Boots, Turtle ShellIVProjectile Protection
76%
BootsIIIDepth Strider
72%
SwordsIIKnockback
72%
TridentIIILoyalty
72%
Fishing RodIIILure
72%
BowIIPunch
72%
Helmets, Turtle ShellIIIRespiration
72%
SwordsIIISweeping Edge
72%
TridentIChanneling
68%
SwordsIIILooting
68%
Helmets, Chestplates, Leggings, Boots, Turtle ShellIVFire Protection
64%
TridentIIIRiptide
64%
BootsIIISoul Speed
60%
LeggingsIIISwift Sneak
60%
CrossbowIIIQuick Charge
56%
TridentVImpaling
52%

Score Distribution

Percentile by Number Answered

Percent of People with Each Score

Your Score History

You have not taken this quiz